FINANCIAL MANAGEMENT (Record no. 2030)
[ view plain ]
| 000 -LEADER | |
|---|---|
| fixed length control field | 00322nam a2200145Ia 4500 |
| 003 - CONTROL NUMBER IDENTIFIER | |
| control field | OSt |
| 005 - DATE AND TIME OF LATEST TRANSACTION | |
| control field | 20240119164620.0 |
| 008 - FIXED-LENGTH DATA ELEMENTS--GENERAL INFORMATION | |
| fixed length control field | 170524s9999 xx 000 0 und d |
| 020 ## - INTERNATIONAL STANDARD BOOK NUMBER | |
| International Standard Book Number | 9788131754467 |
| 040 ## - CATALOGING SOURCE | |
| Transcribing agency | IIMT |
| 100 ## - MAIN ENTRY--PERSONAL NAME | |
| Personal name | VAN HORN |
| 245 #0 - TITLE STATEMENT | |
| Title | FINANCIAL MANAGEMENT |
| 260 ## - PUBLICATION, DISTRIBUTION, ETC. | |
| Place of publication, distribution, etc. | TATA MC GRAW HILL |
| 942 ## - ADDED ENTRY ELEMENTS (KOHA) | |
| Source of classification or shelving scheme | |
| Koha item type | Book Bank |
| Withdrawn status | Lost status | Source of classification or shelving scheme | Damaged status | Not for loan | Home library | Current library | Date acquired | Barcode | Date last seen | Uniform Resource Identifier | Price effective from | Koha item type | Public note |
|---|---|---|---|---|---|---|---|---|---|---|---|---|---|
| IIMT University Central Library Meerut | IIMT University Central Library Meerut | 05/31/2017 | 01-B-9828 | 05/31/2017 | management | 05/31/2017 | Book Bank | ||||||
| IIMT University Central Library Meerut | IIMT University Central Library Meerut | 05/31/2017 | 01-B-9829 | 05/31/2017 | management | 05/31/2017 | Book Bank | ||||||
| IIMT University Central Library Meerut | IIMT University Central Library Meerut | 05/31/2017 | 01-B-9831 | 05/31/2017 | management | 05/31/2017 | Book Bank | ||||||
| IIMT University Central Library Meerut | IIMT University Central Library Meerut | 05/31/2017 | 01-B-9832 | 05/31/2017 | management | 05/31/2017 | Book Bank | ||||||
| IIMT University Central Library Meerut | IIMT University Central Library Meerut | 05/31/2017 | 01-B-9833 | 05/31/2017 | management | 05/31/2017 | Book Bank | ||||||
| IIMT University Central Library Meerut | IIMT University Central Library Meerut | 05/31/2017 | 01-B-9834 | 05/31/2017 | management | 05/31/2017 | Book Bank | ||||||
| IIMT University Central Library Meerut | IIMT University Central Library Meerut | 05/31/2017 | 01-B-9835 | 05/31/2017 | management | 05/31/2017 | Book Bank | ||||||
| IIMT University Central Library Meerut | IIMT University Central Library Meerut | 05/31/2017 | 01-B-63067 | 05/31/2017 | management | 05/31/2017 | Book Bank | management departmental library books update march 2019 | |||||
| IIMT University Central Library Meerut | IIMT University Central Library Meerut | 05/31/2017 | 01-B-63068 | 05/31/2017 | management | 05/31/2017 | Book Bank |

